The Andhra Pradesh code. (Record no. 56843)

MARC details
000 -LEADER
fixed length control field 00427cam a22001691 4500
001 - CONTROL NUMBER
control field sa 64001631
003 - CONTROL NUMBER IDENTIFIER
control field DLC
005 - DATE AND TIME OF LATEST TRANSACTION
control field 20260227112003.0
008 - FIXED-LENGTH DATA ELEMENTS--GENERAL INFORMATION
fixed length control field 930818m19611986ii 000 0 eng
010 ## - LIBRARY OF CONGRESS CONTROL NUMBER
LC control number sa 64001631
040 ## - CATALOGING SOURCE
Original cataloging agency DLC
Transcribing agency DLC
050 00 - LIBRARY OF CONGRESS CALL NUMBER
Classification number LAW <India Andhra Pradesh 2>
110 1# - MAIN ENTRY--CORPORATE NAME
Corporate name or jurisdiction name as entry element Andhra Pradesh (India)
245 14 - TITLE STATEMENT
Title The Andhra Pradesh code.
260 ## - PUBLICATION, DISTRIBUTION, ETC.
Place of publication, distribution, etc. Hyderabad,
Date of publication, distribution, etc. 1961-1986.
300 ## - PHYSICAL DESCRIPTION
Extent 7 v. ;
Dimensions 26 cm.

No items available.

Powered by Koha